Quizzes
Events
Quiz Creation
Community
Videos
Private Events
Remove Ads
Sign In
Join for FREE
Feedback
Dark Mode
Quiz Categories
Sports
Geography
Music
Movies
Television
Just For Fun
Miscellaneous
History
Literature
Language
Science
Gaming
Entertainment
Religion
Holiday
For Kids
Quiz Lab
Recent
Popular Today
Quiz Kudos Today
Editor Picks
Curator Picks
Quizzes by...
Day
Popularity
Type
Ratings
Length
Year
Community
Subscriptions
Recent Discussions
Orange Saloon
Badges
Playlists
Quests
Create
Leaderboards
Showdown
Live 5
Trivia Bingo
Activity
Puzzle Library
Sporcle Events
Private Events
Virtual Trivia
Globe League
Become a Host
Pub Owners
SporcleCon
Opinionation
Our Games
Videos
Blog
Mobile Apps
Partnerships
Remove Ads and Go Orange
Feedback
Television
TV Characters
TV Show
Sitcom
Network
Friends
Reality Shows
Cast
South Park
Star Trek
The Simpsons
Doctor Who
Television
TV Characters
TV Show
Sitcom
Network
Friends
Reality Shows
Cast
South Park
Star Trek
The Simpsons
Doctor Who
Random Quiz
Search Sporcle
×
Quiz Lab
Quiz Lab
Television
Lost (ABC)
Type in answers that appear in a list
Type in answers that appear in a list
Classic
Best Score? Go Orange.
Lost: Daniel Faraday Trivia Stats
Can you name the answers to the questions about Lost's Daniel Faraday?
By
Doctor_Arzt
8m
20 Questions
119 Plays
119 Plays
119 Plays
Comments
Comments
Give Quiz Kudos
Give Quiz Kudos
-
- Ratings
hide this ad
Forced Order
Answers have to be entered in order
Answers have to be entered in order
Replay
Link that replays current quiz
Next Quiz
Link to next quiz in quiz playlist
You Got
0%
They Got
Avg Score
77%
Avg Friend Score
Upgrade to see
Score Distribution
Jump to the score distribution portion of the page
Score
0/20
Timer
08:00
0
Plays Today
Question
Answer
% Correct
How many seasons of Lost was Daniel in?
3 (4,5 and 6)
94.1%
What was the name of Daniel's father?
Charles Widmore
94.1%
What was the name of Daniel's mother?
Eloise Hawking
94.1%
Who was Daniel's love interest on the island?
Charlotte Lewis
94.1%
What university did Daniel attend?
Oxford University
92.4%
Who shot and killed Daniel?
Eloise Hawking
91.6%
Who was going to be Daniel's constant if anything went wrong?
Desmond Hume
91.6%
What animal did Daniel use for his consciousness transporting experiments?
A rat
88.2%
What year was Daniel killed in?
1977
88.2%
How old was Daniel at the time of his death?
29
86.6%
Question
Answer
% Correct
What was the name of the bomb that Daniel examined in 1954?
Jughead
83.2%
In what year was Daniel visited by Desmond (off-
island)?
1996
76.5%
What was Daniel's phrase regarding past events and time travel?
Whatever happened, happened
73.9%
What was the name of the freighter that Daniel came to the island on?
Kahana
73.9%
What was the name of the DHARMA station that Daniel and Charlotte went to in order to render the toxic gas inert?
The Tempest
63.9%
What was the name of Daniel's centric episode?
The Variable
63%
Who played Daniel Faraday (as an adult)?
Jeremy Davies
62.2%
Which episode marked Daniel's first appearance?
The Beginning of the End
58%
What was the name of Daniel's girlfriend (off-
island)?
Theresa Spencer
45.4%
Which DHARMA member did Daniel shoot (non-
lethally)?
Stuart Radzinsky
42%
Quiz Playlist
Details
Report
Send in Message
Add To Playlist
Classic:
Type in answers that appear in a list
Forced Order:
Answers have to be entered in order
Last Updated: Feb 16, 2017
Quiz Scoreboard
CHALLENGE
Sign Up to Join the Scoreboard
Show All
Scores
Hide
Comments
May contain spoilers
Recently Published
An Introduction to Baseball
by treessimontrees
Sports
5m
Movies - When Are They Set?
by FPL_Elf
Movies
5m
Popular People in 1961
by mucciniale
History
6m
More to Explore
Quiz From the Vault
Featured Blog Post
Where Did the Easter Bunny Come From?
hide this ad
You Might Also Like...
Tags
dharma
Dharma Initiative
Lost (ABC)
Season 5
Time Travel
Today's Top Quizzes in Television
Browse Television
hide this ad
Today's Top Quizzes in Lost (ABC)
Browse Lost (ABC)
Top Contributed Quizzes in Television
1
One Piece Logic Puzzle
2
Survivor Logic Puzzle: Heroes vs. Villains
3
5-to-1: The Simpsons Families
4
Survivor Seasons
5
Survivor Season by Logo
6
5-to-1: Television Doctors
7
7-to-1: TV Show Settings
8
One Thing in Common: Television
9
Survivor Trivia
10
5-to-1: Streaming Originals
Explore More
Trending Topics
Harry Potter
Kpop
Crossword
Marvel
NBA
Disney
Anime
WWE
NFL
Pokémon
Soccer
Song
Country
Puzzle
The Office
hide this ad
More By:
Doctor_Arzt
Quiz
Plays
Rating
Category
Featured
Created
5 in 15: European Countries
176,235
4.65
Geography
Feb 22, 2019
Movie Characters by Film Blitz
160,915
4.55
Movies
Oct 16, 2018
5 in 15: MCU Avengers Characters
156,045
4.50
Movies
Apr 29, 2019
2019 Movie Characters by Film Blitz
152,905
4.64
Movies
Dec 23, 2019
2018 Movie Characters by Film Blitz
140,687
4.59
Movies
Mar 9, 2019
Go to Creator's Profile
Score Distribution
Quiz Creator Spotlight
Doctor_Arzt
Follow
Send a Message
Quizzes Created
-
Created Quiz Play Count
-
More By This Creator
Popular Quizzes Today
1
Find the Countries of Europe - No Outlines Minefield
2
Find the US States - No Outlines Minefield
3
The Countries of the World
4
Popular People in 1961
5
Find the US States
6
US States
7
1-10 Letter E Words III
8
Risky Map Clicking: Biggest States A-Z
More Television Quizzes
TV Show Back to the Camera
Published
Trending Quizzes
Risky Map Clicking: Least Populous States A-Z
1-10 Letter F Words
1-10 Letter G Words
Not Quite an Element Typing Challenge
One Thing in Common: United Kingdom
Recently Updated
Leaping Animals
pecheneg
Reality TV Shows (A-Z)
bhenderson79
Rickey Henderson's Hall of Fame Teammates
pecheneg
Champions League XIs: Arsenal
pecheneg
Quick Pick: Celebrities in WWE's Hall of Fame
aduchscher
A-Z Keypad Blitz II
pecheneg
Multiple Oscar Actors
pecheneg
Mystery Phrase Blitz: Oscar 'Best Actors'
pecheneg
F. Scott Fitzgerald Novels
LTH
Pick 3 Villains
ddd62291
Trending Topics
Marvel
Anime
Harry Potter
Kpop
NBA
Crossword
Disney
Soccer
NFL
Song
Pokémon
Country
WWE
The Office
Puzzle
Your Account Isn't Verified!
In order to create a playlist on Sporcle, you need to verify the email address you used during registration. Go to your
Sporcle Settings
to finish the process.
Report this User
Report this user for behavior that violates our
Community Guidelines
.
Details:
Send Report
Go to the Sporcle.com Mobile Site →
Comments